Building Consistent Transactions with Inconsistent Replication/ (Record no. 361451)
[ view plain ]
| 000 -LEADER | |
|---|---|
| fixed length control field | 00644nam a2200181Ia 4500 |
| 008 - FIXED-LENGTH DATA ELEMENTS--GENERAL INFORMATION | |
| fixed length control field | 190422s9999 xx 000 0 und d |
| 100 ## - MAIN ENTRY--PERSONAL NAME | |
| Personal name | Zhang, I |
| 245 ## - TITLE STATEMENT | |
| Title | Building Consistent Transactions with Inconsistent Replication/ |
| 245 ## - TITLE STATEMENT | |
| Statement of responsibility, etc | I. Zhang, N. K. Sharma, A. Szekeres, A. Krishnamurthy, D. R. K. Ports.-- |
| 260 ## - PUBLICATION, DISTRIBUTION, ETC. (IMPRINT) | |
| Name of publisher, distributor, etc | Association for Computing Machinery |
| 260 ## - PUBLICATION, DISTRIBUTION, ETC. (IMPRINT) | |
| Date of publication, distribution, etc | 2018 |
| 300 ## - PHYSICAL DESCRIPTION | |
| Extent | December 2018 |
| 440 ## - SERIES STATEMENT/ADDED ENTRY--TITLE | |
| Title | ACM Transaction on Computer System |
| Volume number/sequential designation | 35(4) |
| 650 ## - SUBJECT ADDED ENTRY--TOPICAL TERM | |
| Topical term or geographic name as entry element | Distributed Database Transaction |
| 650 ## - SUBJECT ADDED ENTRY--TOPICAL TERM | |
| Topical term or geographic name as entry element | Distributed Transactional Storage |
| 650 ## - SUBJECT ADDED ENTRY--TOPICAL TERM | |
| Topical term or geographic name as entry element | Inconsistent Replication |
| 650 ## - SUBJECT ADDED ENTRY--TOPICAL TERM | |
| Topical term or geographic name as entry element | Strict Serializability |
No items available.